000 00748nam a2200265Ia 4500
003 OSt
005 20220918223933.0
006 a|||||r|||| 00| 0
007 ta
008 220917b |||||||| |||| 00| 0 eng d
024 _a225,790
037 _cTextual
040 _aARTS
_cARTS
_beng
041 _2eng
_aeng
082 _aO111:g(V:17), P4
100 _aAshcroft Bill
245 0 _aKey concepts in post-colonial studies
260 _aLondon
_bRoutledge
_c2004
300 _axi, 275p
_ccm.
650 _aENGLISH LITERATURE
700 _a Griffiths Gareth
_97614
700 _a Tiffin Helen
_97615
942 _hO111:g(V:17), P4
_cTEXL
_2CC
999 _c279772
_d279772